Filmographie Ang Lee - Statistiques

Statistiques générales
  • Ce quiz a été pris 10 fois
  • Le résultat moyen est 5 sur 14
Statistiques - réponses
Année Films % Correct
2012 L'Odyssée de Pi
78%
2003 Hulk
67%
2005 Le Secret de Brokeback Mountain
56%
2000 Tigre et Dragon
56%
2019 Gemini Man
44%
1993 Garçon d'honneur
33%
1994 Salé, Sucré
33%
2009 Hôtel Woodstock
22%
1995 Raison et Sentiments
22%
1999 Chevauchée avec le diable
11%
1997 Ice Storm
11%
2007 Lust, caution
11%
1991 Pushing Hands
11%
2016 Un jour dans la vie de Billy Lynn
11%
Aucun quiz correspondant
Distribution des résultats
% des personnes avec chaque résultat
Percentile par nombre de réponses
Votre historique - résultats
Vous n’avez pas pris ce quiz